| 000 | 00546nam a22001697a 4500 | ||
|---|---|---|---|
| 005 | 20251108173046.0 | ||
| 008 | 250721s2005 xx 000 0 ara d | ||
| 082 | 1 | 4 | _a616.08/ عوي |
| 100 | 1 | _aالعويضة، سلطان بن موسى | |
| 245 | 1 | 0 | _aأنت من الداخل : إستشارات نفسية / |
| 264 | 1 |
_aعمان : _bدار مجدلاوي للنشرو التوزيع، _c2005. |
|
| 300 | _a305ص | ||
| 650 | 1 | 7 | _aالطب النفسي |
| 650 | 1 | 7 | _aالإضطرابات النفسية |
| 942 |
_2ddc _cBK |
||
| 999 |
_c95101 _d95101 |
||